Dielo E. T. Halla "Silent language" a jeho aktuálnosť pri riešení problémov dnes

Analýza jednotlivých primárnych systémov odovzdávania správ (primary message system) PMS. Dôležitosť a aktuálne využite Hallových myšlienok pri riešení problémov súčasnej reality a konfliktov dneška.

Na minha lista:
Detalhes bibliográficos
Autor principal: Hulajová, Ľubica
Formato: Capítulo de Livro
Idioma:eslovaco
Assuntos:
Tags: Adicionar Tag
Sem tags, seja o primeiro a adicionar uma tag!

MARC

LEADER 00000nla a2200000 4500
001 0166998
005 20240502072918.3
041 0 |a slo 
044 |a SK 
245 1 0 |a Dielo E. T. Halla "Silent language" a jeho aktuálnosť pri riešení problémov dnes  |c Ľubica Hulajová 
520 |a Analýza jednotlivých primárnych systémov odovzdávania správ (primary message system) PMS. Dôležitosť a aktuálne využite Hallových myšlienok pri riešení problémov súčasnej reality a konfliktov dneška. 
610 2 0 |a komunikácia interkultúrna 
610 2 0 |a komunikácia multikultúrna 
610 2 0 |a rozmanitosť kultúrna 
610 2 0 |a náboženstvo 
610 2 0 |a civilizácia 
610 2 0 |a štýl životný 
100 1 |a Hulajová, Ľubica